00834 a2200157 45000010006000000050017000060080041000230030015000640400040000790800032001192450029001512640029001803000019002095050423002281000025006513971920260407155654.0260407a1972 arg spa dAR-UNSa-BCEJYS aAR-UNSa-BCEJYSbspacAR-UNSa-BCEJYS a911.2:556xHidrogeografía10aGeografía de los mares 1aBarcelona :bArielc1972 a329 p.c21 cm. aParte I: El medio físico y biológico: 1. Los océanos y los mares - 2. La vida marina - Parte II: El Mar, fuente de riquezas : 1. Pesca y caza en el mar - 2. La mar nuticia - 3. La agricultura del mar - 4. Los productos minerales de origen marino - Parte III: El Mar, vínculo entre los pueblos y reino del esparcimiento : 1. La flota mundial - 2. La navegación marítima - 3. El turismo costero y marítimo.1 aDoumenge, François